| 000 | 01197cam a2200337 a 4500 | ||
|---|---|---|---|
| 999 |
_c19538 _d19538 |
||
| 001 | 16123376 | ||
| 005 | 20170117083051.0 | ||
| 008 | 100308s2011 ohua 001 0 eng d | ||
| 010 | _a 2010924201 | ||
| 020 | _a9781439038994 | ||
| 020 | _a1439038996 | ||
| 035 | _a(OCoLC)ocn496962585 | ||
| 042 | _alccopycat | ||
| 050 | 0 | 0 |
_aHB172 _b.B37 2011 |
| 100 | 1 | _aBaumol, William J. | |
| 245 | 1 | 0 |
_aMicroeconomics : _bprinciples and policy / _cWilliam J. Baumol, Alan S. Blinder. |
| 246 | 1 | 8 |
_aMicroeconomics : _bprinciples & policy |
| 250 | _aEleventh Edition 2010 update. | ||
| 260 |
_aMason, OH : _bSouth-Western, Cengage Learning, _cc2011. |
||
| 300 |
_axxx, 518 p. : _bcol. ill. ; _c27 cm. |
||
| 500 | _aIncludes index. | ||
| 650 | 0 | _aMicroeconomics. | |
| 650 | 7 |
_aMicroeconomics. _2fast |
|
| 650 | 7 |
_aMikroökonomie. _2gnd |
|
| 650 | 7 |
_aMikroökonomie. _2idszbz |
|
| 700 | 1 | _aBlinder, Alan S. | |
| 942 |
_2lcc _cBOOKS _hHB 172 .B38 2011 |
||